000
00297nam a22001337a 4500
020
_a
81-7130-249-1
082
_a
894.812
_b
SET/P
100
_a
SETHU
245
_a
PANDAVAPURAM
260
_a
KOTTAYAM
_b
DC BOOKS
_c
2019
300
_a
148
650
_a
MALAYALAM LITERATURE/ NOVEL
_z
KERALA
942
_c
BK
999
_c
7190
_d
7190